Движение тяжелого газа в приземном слое атмосферы; Проблемы геологии и освоения недр; Т. 2
| Parent link: | Проблемы геологии и освоения недр=Problems of Geology and Subsurface Development: труды XXIV Международного симпозиума имени академика М. А. Усова студентов и молодых учёных, посвященного 75-летию Победы в Великой Отечественной войне, Томск, 6-10 апреля 2020 г./ Национальный исследовательский Томский политехнический университет, Инженерная школа природных ресурсов ; гл. ред. А. С. Боев ; под ред. Е. Ю. Пасечник.— , 2020 Т. 2.— 2020.— [С. 565-566] |
|---|---|
| Hovedforfatter: | |
| Institution som forfatter: | |
| Andre forfattere: | , |
| Summary: | Заглавие с экрана В статье критически анализируются современные известные сведения [1-4] о движении промышленных выбросов в приземном слое атмосферы на примере упрощенной модели тяжелого газа, которые могут составить предмет уточнений моделей для решения соответствующих задач в НГО. Также рассмотрено влияние начальной формы и наземных объектов на распространение облака выбросов. По оценкам влияния анализируются данные об эффективности предотвращения распространения облака. |
| Sprog: | russisk |
| Udgivet: |
2020
|
| Serier: | Современные техника и технологии транспортировки и хранения нефти и газа Моделирование процессов при транспортировке нефти и газа |
| Fag: | |
| Online adgang: | http://earchive.tpu.ru/handle/11683/62832 |
| Format: | MixedMaterials Electronisk Book Chapter |
| KOHA link: | https://koha.lib.tpu.ru/cgi-bin/koha/opac-detail.pl?biblionumber=631694 |
MARC
| LEADER | 00000naa2a2200000 4500 | ||
|---|---|---|---|
| 001 | 631694 | ||
| 005 | 20231101133656.0 | ||
| 035 | |a (RuTPU)RU\TPU\conf\33395 | ||
| 035 | |a RU\TPU\conf\33389 | ||
| 090 | |a 631694 | ||
| 100 | |a 20200914d2020 k y0rusy50 ca | ||
| 101 | 0 | |a rus | |
| 102 | |a RU | ||
| 105 | |a y z 100zy | ||
| 135 | |a drgn ---uucaa | ||
| 181 | 0 | |a i | |
| 182 | 0 | |a b | |
| 200 | 1 | |a Движение тяжелого газа в приземном слое атмосферы |f М. Н. Новиков, А. С. Карсаков |g науч. рук. С. Н. Харламов | |
| 203 | |a Текст |c электронный | ||
| 225 | 1 | |a Современные техника и технологии транспортировки и хранения нефти и газа | |
| 225 | 1 | |a Моделирование процессов при транспортировке нефти и газа | |
| 230 | |a 1 компьютерный файл (pdf; 787 Kb) | ||
| 300 | |a Заглавие с экрана | ||
| 320 | |a [Библиогр.: с. 566 (4 назв.)] | ||
| 330 | |a В статье критически анализируются современные известные сведения [1-4] о движении промышленных выбросов в приземном слое атмосферы на примере упрощенной модели тяжелого газа, которые могут составить предмет уточнений моделей для решения соответствующих задач в НГО. Также рассмотрено влияние начальной формы и наземных объектов на распространение облака выбросов. По оценкам влияния анализируются данные об эффективности предотвращения распространения облака. | ||
| 461 | 1 | |0 (RuTPU)RU\TPU\conf\32983 |t Проблемы геологии и освоения недр |l Problems of Geology and Subsurface Development |o труды XXIV Международного симпозиума имени академика М. А. Усова студентов и молодых учёных, посвященного 75-летию Победы в Великой Отечественной войне, Томск, 6-10 апреля 2020 г. |o в 2 т. |f Национальный исследовательский Томский политехнический университет, Инженерная школа природных ресурсов ; гл. ред. А. С. Боев ; под ред. Е. Ю. Пасечник |d 2020 | |
| 463 | 1 | |0 (RuTPU)RU\TPU\conf\32985 |t Т. 2 |v [С. 565-566] |d 2020 | |
| 610 | 1 | |a труды учёных ТПУ | |
| 610 | 1 | |a электронный ресурс | |
| 610 | 1 | |a движение газов | |
| 610 | 1 | |a тяжелые газы | |
| 610 | 1 | |a приземные слои | |
| 610 | 1 | |a атмосфера | |
| 610 | 1 | |a промышленные выбросы | |
| 610 | 1 | |a моделирование | |
| 610 | 1 | |a динамика | |
| 610 | 1 | |a математические модели | |
| 700 | 1 | |a Новиков |b М. Н. | |
| 701 | 1 | |a Карсаков |b А. С. | |
| 702 | 1 | |a Харламов |b С. Н. |c специалист в области транспорта и хранения нефти |c профессор Томского политехнического университета |f 1957- |g Сергей Николаевич |2 stltpush |4 727 | |
| 712 | 0 | 2 | |a Национальный исследовательский Томский политехнический университет |b Инженерная школа природных ресурсов |b Отделение нефтегазового дела |h 8084 |2 stltpush |3 (RuTPU)RU\TPU\col\23546 |
| 801 | 2 | |a RU |b 63413507 |c 20200925 |g RCR | |
| 856 | 4 | |u http://earchive.tpu.ru/handle/11683/62832 | |
| 942 | |c BK | ||